000 00513pab a2200169 454500
008 180718b2006 xxu||||| |||| 00| 0 eng d
100 _aRacioppi, Linda
245 _aEngendering democratic transition from conflict: women's inclusion in Nothern Ireland's peace process
260 _c2006
300 _ap.189-208.
362 _aJan
650 _aWomen in politics - Northern Ireland
650 _aWomen in politics
700 _aSee, Katherine O'Sullivan
773 _aComparative Politics
909 _a71352
999 _c71352
_d71352